| 000 | 00606nam a2200241Ia 4500 | ||
|---|---|---|---|
| 008 | 160319s9999 xx 000 0 und d | ||
| 020 | _a9714807077 | ||
| 050 | _a950 | ||
| 050 | _bM252p 2006 | ||
| 100 | _aMallari, Jan Philip D. | ||
| 245 | _a Panahon, kasaysayan, at lipunan II | ||
| 245 | _cJan Philip Mallari. | ||
| 250 | _a2nd edition . | ||
| 260 | _aMakati City : | ||
| 260 | _bDiwa Textbooks | ||
| 260 | _c2006 | ||
| 300 | _a 298 p. : | ||
| 300 | _bpics. | ||
| 500 | _aIncludes index. | ||
| 650 | _aHistory -- Asia | ||
| 700 | _a Magtalos, Alma T. | ||
| 700 | _aSuba, Justina M. | ||
| 999 |
_c292253 _d292253 |
||